[Event "EYCC Girls U16 2018"]
[Site "Riga"]
[Date "2018.08.29"]
[Round "9"]
[White "Shpanko, Nadiia"]
[Black "Kucharska, Honorata"]
[Result "1-0"]
[WhiteElo "2176"]
[BlackElo "2030"]
[Annotator "TA"]
[PlyCount "155"]
[EventDate "2018.08.20"]
[EventType "swiss"]
[EventCountry "LAT"]
[SourceTitle "playchess.com"]
[Source "ChessBase"]
[SourceQuality "1"]

{[%evp 9,155,-22,0,-16,2,-21,-21,-44,0,-16,-19,-20,-20,-118,-94,-91,-85,-88,-87,-141,-35,-37,-35,-38,0,-38,16,0,12,0,8,0,5,7,23,16,37,47,67,60,58,30,31,27,67,66,76,56,97,78,127,122,212,190,244,239,286,267,389,385,374,381,308,240,245,241,250,250,248,151,210,0,239,211,252,240,269,216,249,251,290,241,284,240,290,290,271,281,237,231,456,458,1096,914,1667,1519,1765,1213,12831,12831,12818,9343,12834,6713,12841,12841,12843,12843,12847,12847,12848,12848,12851,29972,29972,29973,29971,29974,29974,29975,29974,29975,29976,29976,29976,29977,29978,29979,29980,29980,29980,29979,29979,29980,29980,29979,29979,29980,29980,29981,29982,29983,29983,29984,29985,29986,29987,29988]} 1. e4 e6 2. b3 d5 3. Bb2 Nf6 4. exd5 exd5 5. d4 (5. Nf3 Be7 6. Be2 O-O 7. O-O Re8 8. Re1 Nbd7 9. d3 Nf8 10. Nbd2 Ng6 11. Bf1 a5 12. Ne5 a4 13. Nxg6 hxg6 {0-1 (40) Van Foreest,J (2629)-Duda,J (2717) Riadh 2017}) 5... Be7 6. Bd3 $146 {C00: French: Unusual White 2nd moves} ({Predecessor:} 6. Nf3 O-O 7. Bd3 Bg4 8. O-O c5 9. Be2 Nc6 10. Nbd2 Re8 11. c4 cxd4 12. Nxd4 Bxe2 13. Nxe2 {0-1 (32) Conflitti,A (1792)-Schmidt,R (2156) Caleta 2012}) 6... O-O 7. Ne2 Nc6 8. a3 {The position is equal.} a6 9. c4 Bg4 10. O-O Re8 11. Qd2 (11. f3 $11 dxc4 12. bxc4) 11... Bxe2 12. Bxe2 Ne4 13. Qd3 Bf6 {Strongly threatening ...dxc4.} 14. Rd1 (14. cxd5 $142 Qxd5 15. Nd2 Bxd4 16. Nxe4 Rxe4 17. Rad1) 14... Qd7 (14... dxc4 $17 15. bxc4 {[#]} Nc5 $1 {[%mdl 512]} 16. dxc5 Bxb2) 15. Nd2 $15 Nxd2 16. Rxd2 Rad8 {Hoping for ...dxc4.} 17. Rad1 Qe6 ({Black should play} 17... dxc4 $15 18. bxc4 Qe7) 18. cxd5 Qxd5 19. Bf3 Qd6 20. Be4 g6 21. g3 Bg7 22. Qf3 Re7 23. Bxc6 Qxc6 24. Qxc6 bxc6 25. Rc2 Re6 26. b4 h5 27. Kf1 Red6 28. Rc4 Re6 29. Rd2 Rde8 30. Rdc2 Re4 (30... Re1+ $16 31. Kg2 R8e2) 31. Rxc6 $18 h4 (31... Bxd4 {might work better.} 32. Bxd4 (32. Rxa6 Bb6 $16) (32. Rxc7 Bxb2 33. Rxb2 Kg7 $16) 32... Rxd4 33. Rxa6 Rc8) 32. Kg2 (32. Rxc7 $6 h3) 32... hxg3 33. hxg3 Bxd4 (33... R4e6 $142 34. Rxc7 Rd6) 34. Bxd4 Rxd4 35. Rxa6 {[%mdl 4096] Endgame KRR-KRR} Rc8 36. Rac6 Ra8 37. R2c3 (37. Rxc7 $6 Rxa3 38. R2c6 Kg7 $16) 37... Rd7 38. Kf3 (38. Rxc7 Rxc7 39. Rxc7 Rxa3 $16) 38... Kg7 39. Kg4 (39. Rxc7 $6 Rxc7 40. Rxc7 Rxa3+ 41. Ke4 Rb3 $16) 39... Re7 (39... Rd2 $16 {is a better defense.} 40. Rf3 (40. Rxc7 Rxf2 41. Rc8 Ra4 $16) 40... Ra7) 40. Kf3 ({Don't take} 40. Rxc7 $6 Rxc7 41. Rxc7 Rxa3 $16) 40... Rd7 41. Kf4 ({Don't do} 41. Rxc7 $6 Rxc7 42. Rxc7 Rxa3+ 43. Ke4 Ra2 $16) 41... Ra7 42. f3 Re7 43. Rd3 Ra8 44. g4 Ra7 45. Rdc3 Rb7 46. R6c5 Ra7 47. Rd3 Re6 48. g5 Rb6 49. Rdc3 Rba6 $2 {[#]} (49... Rbb7 50. Ke5 Ra8) 50. Rxc7 Rxc7 (50... Ra8 $142 51. b5 Rb6) 51. Rxc7 Rxa3 {KR-KR} 52. Ke4 Rb3 53. Rc4 Kf8 54. f4 Ke7 55. Kd5 Kd7 56. Ke5 Ke7 57. Rc7+ Ke8 58. Kf6 Rxb4 59. Re7+ Kd8 60. Rxf7 Rxf4+ 61. Kxg6 Rg4 {White mates.} 62. Ra7 Ke8 63. Kf6 Rf4+ 64. Kg7 Rg4 65. g6 {[%cal Bg5g6,Bg6g7][%mdl 32]} Rg1 66. Kh7 Rh1+ 67. Kg8 Rg1 68. g7 Rg2 69. Ra4 Ke7 70. Re4+ Kf6 71. Rf4+ Ke7 72. Rf3 Rg1 73. Re3+ Kd7 74. Re4 Rg2 75. Kf7 Rf2+ 76. Kg6 Rg2+ 77. Kf6 Rg1 78. Re5 {Precision: White = 64%, Black = 25%.} 1-0

[Event "EYCC Girls U16 2018"]
[Site "Riga"]
[Date "2018.08.29"]
[Round "9"]
[White "Schulze, Lara"]
[Black "Grigorieva, Yulia"]
[Result "0-1"]
[WhiteElo "2167"]
[BlackElo "1992"]
[Annotator "TA"]
[PlyCount "90"]
[EventDate "2018.08.20"]
[EventType "swiss"]
[EventCountry "LAT"]
[SourceTitle "playchess.com"]
[Source "ChessBase"]
[SourceQuality "1"]

{[%evp 18,90,3,-12,-15,-20,-13,-4,-12,-22,-16,-24,-17,-37,0,-21,-19,-24,0,-10,25,-85,-80,-85,-100,-111,-108,-121,-108,-185,-175,-368,-368,-375,-379,-521,-230,-387,-358,-464,-460,-428,-427,-420,-385,-475,-262,-285,-294,-466,-398,-497,-499,-618,-606,-1083,-1079,-908,-720,-1601,-795,-639,0,-1564,-1529,-1601,-1566,-1583,-1336,-29988,-29989,-29990,-29991,-29994,439]} 1. e4 e5 2. Nf3 Nc6 3. Bb5 a6 4. Ba4 Nf6 5. O-O Be7 6. Bxc6 dxc6 7. d3 Nd7 8. Nbd2 f6 9. Nc4 Nc5 10. Nh4 {LiveBook: 10 Games. C85: Closed Ruy Lopez: Deferred Exchange Variation} (10. Ne3 O-O 11. Nf5 Bxf5 12. exf5 Qd7 13. Nh4 Rfe8 14. Be3 Na4 15. Qg4 b5 16. b3 Nc3 17. Nf3 Nd5 {0-1 (67) Andreikin,D (2737)-Dominguez Perez,L (2726) Tbilisi 2015 CBM 165 [Pavlovic,M]}) 10... Be6 11. Ne3 Qd7 12. Nhf5 $146 {The position is equal.} ({Predecessor:} 12. a4 a5 13. b3 g6 14. Ba3 b6 15. Qe2 O-O-O 16. Rfd1 Rdg8 17. Bb2 Qe8 {½-½ (67) Alkaev,R (1983)-Bezgodova,S (2083) Voronezh 2014}) 12... Bf8 13. b3 O-O-O 14. Bb2 g6 15. Ng3 Bd6 16. Ne2 Rhf8 17. Qe1 f5 18. exf5 Bxf5 (18... gxf5 {looks sharper.} 19. f4 exf4 20. Nxf4 Bf7 21. Qf2 Kb8) 19. Nxf5 (19. Rd1 $11 {keeps the balance.}) 19... gxf5 $17 20. f4 e4 21. d4 Ne6 22. c4 Rg8 23. b4 (23. Qf2 $17 {was necessary.}) 23... Rg4 {...Rdg8 is the strong threat.} 24. h3 $2 (24. g3) 24... Rg6 $19 25. g3 Rdg8 26. Kh2 {[#]} h5 (26... Rxg3 $142 $3 {[%mdl 512]} 27. Qxg3 (27. Nxg3 Nxf4 28. Qf2 Rxg3 $19) 27... Rxg3 28. Kxg3 Qf7) 27. a4 $2 {[#]} (27. Kh1) 27... h4 $1 {[%cal Bh5h4,Bh4g3][%mdl 544]} 28. c5 (28. gxh4 Rg2+) 28... hxg3+ 29. Kg2 Bf8 30. Ra3 Bh6 31. Qc3 R6g7 (31... Qh7 $142 32. Qd2 Bf8 33. Rxg3 Rxg3+ 34. Nxg3 Qh4) 32. Bc1 Nf8 33. b5 (33. Qc4 $142) 33... cxb5 34. axb5 Qxb5 35. Qc2 Ng6 {And now ...Nh4+ would win.} 36. Rb3 Nh4+ 37. Kg1 Qc6 38. Be3 Nf3+ (38... g2 $142 39. Rf2 Nf3+ 40. Rxf3 exf3 41. Qxf5+ Kb8) 39. Kg2 Nh4+ (39... Qd5 $142 40. Rg1 Nh4+ 41. Kf1 c6) 40. Kg1 g2 41. Rf2 Nf3+ 42. Rxf3 exf3 43. Nc3 Qe6 {Black mates.} 44. Bf2 Bxf4 45. Nd1 {[#]} Qe1+ $1 {[%mdl 41472] Precision: White = 21%, Black = 60%. . Loss on Time!?} 0-1

[Event "EYCC Girls U16 2018"]
[Site "Riga"]
[Date "2018.08.29"]
[Round "9"]
[White "Bucur, Denisa Andreea"]
[Black "Aubert, Estee"]
[Result "0-1"]
[WhiteElo "2077"]
[BlackElo "1934"]
[Annotator "NA"]
[PlyCount "87"]
[EventDate "2018.08.20"]
[EventType "swiss"]
[EventCountry "LAT"]
[SourceTitle "playchess.com"]
[Source "ChessBase"]
[SourceQuality "1"]
[TimeControl "40/5400+30:1800+30"]

1. d4 {[%emt 0:00:00]} Nf6 {[%emt 0:00:00]} 2. Nf3 {[%emt 0:00:00]} g6 {[%emt 0:00:00]} 3. c4 {[%emt 0:00:00]} Bg7 {[%emt 0:00:00]} 4. g3 {[%emt 0:00:12]} c5 {[%emt 0:00:00]} 5. Bg2 {[%emt 0:01:11]} Qa5+ {[%emt 0:00:34]} 6. Bd2 {[%emt 0:06:51]} Qb6 {[%emt 0:00:07]} 7. dxc5 {[%emt 0:08:21]} Qxc5 {[%emt 0:00:30] E60: King's Indian: Unusual lines and Fianchetto Variation without Nc3} 8. Qb3 {[%emt 0:00:31]} Ne4 {[%emt 0:08:58]} 9. Be3 {[%emt 0:01:03]} Qa5+ {[%emt 0:03:31]} 10. Nbd2 {[%emt 0:01:45]} Nc6 {[%emt 0:02:41]} 11. O-O {[%emt 0:06:26]} Nc5 {[%emt 0:03:29]} (11... Nd6 12. Rfd1 Nf5 13. Nf1 Nxe3 14. Nxe3 O-O 15. Rac1 {0-1 (54) Grachev,B (2672)-Inarkiev,E (2666) Vladivostok 2014}) 12. Qc2 {[%emt 0:05:06] LiveBook: 3 Games} d6 {[%emt 0:17:13]} 13. Nb3 {[%emt 0:03:04]} Nxb3 {[%emt 0:09:03]} 14. axb3 {[%emt 0:01:11]} Bf5 $146 {[%emt 0:03:43]} ({Predecessor:} 14... Qc7 15. Qd2 {1-0 (37) Itkis,B (2440)-Milu,R (2425) Predeal 1997}) 15. Qc1 {[%emt 0:00:26]} Qc7 {[%emt 0:01:31]} 16. Qd2 {[%emt 0:04:36]} O-O {[%emt 0:02:10]} 17. Nd4 {[%emt 0:03:40]} Nxd4 {[%emt 0:01:50]} 18. Bxd4 {[%emt 0:00:02]} Bxd4 {[%emt 0:01:17]} 19. Qxd4 {[%emt 0:00:02]} a5 {[%emt 0:07:21]} 20. Ra3 {[%emt 0:02:40]} Rac8 {[%emt 0:02:42]} 21. Rc1 {[%emt 0:14:24]} b6 {[%emt 0:01:26]} 22. b4 {[%emt 0:15:45]} axb4 {[%emt 0:01:05]} 23. Rb3 {[%emt 0:00:06]} Qc5 {[%emt 0:01:04]} 24. Qd2 {[%emt 0:00:06]} b5 {[%emt 0:01:53]} 25. Rxb4 {[%emt 0:01:44]} bxc4 {[%emt 0:04:10]} 26. Rbxc4 {[%emt 0:02:48]} Qxc4 {[%emt 0:00:46]} 27. Rxc4 {[%emt 0:00:03]} Rxc4 {[%emt 0:00:03]} 28. Qe3 {[%emt 0:00:23]} Rb8 {[%emt 0:02:01]} 29. b3 {[%emt 0:06:03]} Rc2 {[%emt 0:01:04]} 30. Be4 {[%emt 0:01:07]} Bxe4 {[%emt 0:03:44]} 31. Qxe4 {[%emt 0:00:02]} Rc7 {[%emt 0:00:13]} 32. b4 {[%emt 0:03:58]} Rcb7 {[%emt 0:00:19]} 33. h4 {[%emt 0:00:43]} h5 {[%emt 0:01:59]} 34. Kg2 {[%emt 0:00:59]} e6 {[%emt 0:00:29]} 35. Qd4 {[%emt 0:01:59]} d5 {[%emt 0:00:12]} 36. Qf6 {[%emt 0:01:13]} Rxb4 {[%emt 0:00:26]} 37. Qe5 {[%emt 0:01:13]} Rc8 {[%emt 0:01:30]} 38. Qd6 {[%emt 0:00:39]} Rb2 {[%emt 0:00:44]} 39. g4 {[%emt 0:03:30]} Rxe2 {[%emt 0:03:35]} 40. gxh5 {[%emt 0:00:00]} Rcc2 {[%emt 0:00:00]} 41. Qd8+ {[%emt 0:00:25]} Kh7 {[%emt 0:15:08]} 42. h6 $19 {[%emt 0:11:34]} (42. hxg6+ $11 Kg7 43. gxf7 Rxf2+ 44. Kg3 Rxf7 45. Qg5+ Kh7 46. Qh5+ Kg8 47. Qe5) 42... Rxf2+ {[%emt 0:00:17]} 43. Kg3 Rg2+ 44. Kf3 0-1

[Event "EYCC Girls U16 2018"]
[Site "Riga"]
[Date "2018.08.29"]
[Round "9"]
[White "Bulatova, Kamaliya"]
[Black "Beydullayeva, Govhar"]
[Result "1-0"]
[WhiteElo "2043"]
[BlackElo "2184"]
[Annotator "TA"]
[PlyCount "79"]
[EventDate "2018.08.20"]
[EventType "swiss"]
[EventCountry "LAT"]
[SourceTitle "playchess.com"]
[Source "ChessBase"]
[SourceQuality "1"]

{[%evp 19,79,20,38,0,0,0,0,-7,0,2,11,12,53,56,53,48,53,26,67,34,59,50,49,40,35,0,18,-54,-81,-59,-8,-20,-22,-50,-42,-46,0,0,0,0,15,0,57,4,4,6,6,0,0,0,0,0,0,0,7,0,9,8,8,8,12,0]} 1. d4 Nf6 2. c4 g6 3. Nc3 d5 4. cxd5 Nxd5 5. Bd2 Nb6 6. Nf3 Bg7 7. Bf4 O-O 8. e3 Bg4 {D90: Grünfeld: 4 Nf3 Bg7 sidelines} 9. Be2 N8d7 10. O-O c6 {LiveBook: 3 Games} 11. Ne5 $146 ({Predecessor:} 11. Bg3 a5 12. Rc1 a4 13. h3 Bxf3 14. Bxf3 Ra7 15. d5 cxd5 16. Nxd5 {½-½ (32) Fodor,T (2475)-Berkes,F (2688) Legnica 2013}) 11... Nxe5 12. Bxg4 Nxg4 13. Qxg4 Qc8 14. Qf3 f6 15. Bg3 e5 16. dxe5 $1 fxe5 17. Qe4 Qf5 18. Qb4 Rfd8 19. Rad1 Qf8 20. Rxd8 Rxd8 21. Qa5 Nc4 22. Qxa7 Qb4 23. Qa4 (23. Ne4 $11) 23... Qxa4 $15 24. Nxa4 Rd2 (24... b5 $1 $15 25. Nc5 Nxb2) 25. b3 Rxa2 26. Nc5 Nd2 27. Rd1 b6 28. Nd7 Nxb3 29. Nxb6 ({Reject} 29. Bxe5 b5 $17) 29... Rd2 {[%cal Rd2d1] [#]} 30. Rb1 e4 (30... Rc2 $11) 31. h3 (31. Nc4 $14 Rd3 32. Nd6) 31... Rb2 $11 {The position is equal.} 32. Rxb2 Bxb2 {[%mdl 4096] Endgame KBN-KBN} 33. Nc4 Bf6 34. Kf1 Kf8 35. Nd6 Nc5 36. Nc4 Ke8 37. Bd6 Nb7 38. Ba3 Bc3 39. Ke2 Kd7 40. f4 {[%mdl 32768] Precision: White = 39%, Black = 31%. . Loss on Time!?} 1-0

[Event "EYCC Girls U16 2018"]
[Site "Riga"]
[Date "2018.08.29"]
[Round "9"]
[White "Rudzinska, Michalina"]
[Black "Urh, Zala"]
[Result "1/2-1/2"]
[WhiteElo "2003"]
[BlackElo "2156"]
[Annotator "TA"]
[PlyCount "111"]
[EventDate "2018.08.20"]
[EventType "swiss"]
[EventCountry "LAT"]
[SourceTitle "playchess.com"]
[Source "ChessBase"]
[SourceQuality "1"]

{[%evp 18,111,24,24,18,29,33,28,20,23,26,23,23,18,34,4,15,16,26,20,68,82,108,72,76,58,63,58,59,56,47,16,18,16,27,-10,-16,-20,-13,-13,-12,-12,-15,-11,-8,-34,-34,-84,-34,-36,-35,-61,-63,-73,-62,-62,-62,-68,-32,-32,-32,-31,-32,-32,-32,-32,-38,-39,-33,-67,-51,-75,-33,-56,-56,-82,-82,-79,-82,-81,-16,-172,0,0,0,0,0,0,0,0,0,0,0,0,0,0]} 1. e4 e5 2. Nf3 Nc6 3. Bb5 Nf6 4. d3 Bc5 5. c3 O-O 6. O-O {C65: Spanische Partie (Berliner-Verteidigung)} Re8 (6... d6 7. h3 Bb6 8. Nbd2 Ne7 9. Re1 c6 10. Ba4 Ng6 11. Nf1 d5 12. Ng3 dxe4 13. Nxe4 Nxe4 14. dxe4 Be6 15. Bb3 {½-½ (29) Anand,V (2760)-Carlsen,M (2843) Stavanger 2018}) 7. Re1 a6 8. Ba4 b5 9. Bb3 d6 10. Bg5 {LiveBook: 4 Partien} h6 11. Bh4 Bb6 12. Nbd2 {[%cal Bb1d2,Bd2f1,Bf1e3][%mdl 32]} g5 13. Bg3 Ne7 $146 {[%cal Bc6e7,Be7g6,Bg6f4][%mdl 32]} ({Vorgänger:} 13... Na5) 14. Nf1 Ng6 15. a4 Bd7 16. Ne3 Nf4 17. h4 g4 18. Nh2 $1 {[%cal Rh2g4]} h5 19. Qd2 Nh7 20. Nf5 (20. d4 {is interesting.} Be6 21. Nd5 Bxd5 22. exd5 Qf6 23. a5) 20... Bxf5 21. exf5 Qf6 22. Bxf4 exf4 23. Qxf4 Qxh4 24. d4 (24. Nf1 {keeps more tension.} Qg5 25. Qxg5+ Nxg5 26. Ng3 h4 27. Nh5) 24... Qg5 25. Qxg5+ Nxg5 26. axb5 {[#] zielt auf Txe8+ ab.} (26. Nf1 {with more complications.} Rxe1 27. Rxe1 Kg7 28. Bd5 Rb8 29. a5) 26... axb5 27. Rxa8 Rxa8 28. f4 gxf3 29. Nxf3 Nxf3+ 30. gxf3 $11 {[%mdl 4096] Endspiel KTL-KTL} Kg7 31. Kf2 Kf6 32. Rh1 Rh8 33. Bd5 h4 34. Rh3 b4 35. Ke2 bxc3 36. bxc3 Ba5 37. Kd3 Rh7 38. f4 Kxf5 {Droht ...Kg4 und aus.} 39. Be4+ Kg4 40. Rh1 Rh8 41. Ke3 {Tg1+ ist eine echte Drohung.} Bxc3 42. Rg1+ Kh5 43. Kd3 Bb4 44. Bd5 Rf8 45. f5 c5 46. f6 cxd4 47. Rg7 Kh6 48. Kxd4 {[#]} Bd2 ({Günstiger ist} 48... h3 $1 $17 49. Rg3 Bc5+ 50. Kc4 h2 51. Rh3+ Kg6 52. Rxh2 Kxf6) 49. Bxf7 $2 (49. Ke4 $1 $11 {und Weiss muss sich keine Sorgen machen.}) 49... Bg5 $2 (49... h3 $19 50. Rg6+ Kh7 51. Rg7+ Kh8) 50. Ke4 {Droht stark Kf5.Die Stellung ist ausgeglichen.} h3 51. Rg6+ Kh5 52. Kf5 $1 Rxf7 53. Rxg5+ Kh4 $1 {Und weiter mit ...h2 wäre nett.} 54. Rg4+ Kh5 55. Rg5+ Kh4 $1 {Weiss muss nun ...h2 beachten.} 56. Rg4+ {Precision: Weiß = 53%, Schwarz = 65%.} 1/2-1/2

[Event "EYCC Girls U16 2018"]
[Site "Riga"]
[Date "2018.08.29"]
[Round "9"]
[White "Khachatryan, Anna"]
[Black "Antova, Gabriela"]
[Result "0-1"]
[WhiteElo "1969"]
[BlackElo "2293"]
[Annotator "TA"]
[PlyCount "136"]
[EventDate "2018.08.20"]
[EventType "swiss"]
[EventCountry "LAT"]
[SourceTitle "playchess.com"]
[Source "ChessBase"]
[SourceQuality "1"]

{[%evp 14,136,-25,-16,1,0,0,0,0,-20,0,0,0,0,-2,-74,-62,-77,-65,-64,-32,-36,0,0,0,0,0,0,0,0,0,0,0,0,0,0,0,0,0,0,0,0,0,0,0,0,25,0,12,0,0,0,0,0,0,0,3,-175,-179,-202,-205,-204,-190,-203,-183,-550,-520,-1172,-1282,-1443,-1051,-1312,-1172,-1245,-1235,-978,-883,-624,-584,-29948,-29940,-29946,-29950,-29950,-29951,-29948,-8105,-12833,-6293,-29962,-29964,-4594,-12789,-4610,-1761,-29977,-29978,-29978,-29979,-29980,-29977,-29977,-29976,-29976,-29977,-29977,-29978,-29978,-29978,-29978,-29979,-29979,-29979,-29981,-29982,-29982,-29983,-29984,-29985,-29985,-29986,-29986,-29987,-29990,-29991]} 1. d4 d5 2. Nf3 Nf6 3. Bf4 c5 4. e3 Nc6 5. c3 Qb6 6. Qb3 c4 7. Qxb6 axb6 8. Na3 {LiveBook: 95 Games} h6 {D02: 1 d4 d5 2 Nf3 sidelines, including 2...Nf6 3 g3 and 2...Nf6 3 Bf4} 9. Nb5 Ra5 10. a4 Bf5 {The position is equal.} 11. Bc7 $146 ({Predecessor:} 11. Be2 e6 12. Nd2 Kd7 13. Bxc4 dxc4 14. Nxc4 Nd5 15. Nxa5 Nxa5 16. O-O {0-1 (38) Shrentzel,I (2230)-Shetty,A (2422) Philadelphia 2017}) 11... Ra6 12. Be5 {aiming for Bxf6.} Kd7 13. Bxf6 gxf6 14. Be2 (14. Nd2 $1 $11) 14... e6 $17 15. Nd2 Bc2 16. Bd1 Bxd1 17. Kxd1 f5 18. Kc2 Be7 19. b3 cxb3+ 20. Kxb3 Rha8 21. Ra2 h5 22. Rha1 h4 23. Kc2 Rg8 24. g3 Rh8 25. Kd3 hxg3 26. hxg3 f6 27. Rb2 Rha8 28. Rba2 e5 29. Ke2 Na7 {[#] And now ...Nxb5 would win.} 30. Nxa7 (30. Rb2 {feels hotter.} Nxb5 31. Rxb5 Rxa4 32. Rab1 Ra1 33. Rxd5+ Kc6 34. Rdb5) 30... R8xa7 31. Nb3 Ra8 32. dxe5 fxe5 33. Rd1 Ke6 34. Rad2 Rd8 35. c4 $2 (35. f4 $11 {and White has nothing to worry.}) 35... dxc4 $19 {...Rxd2+ is the strong threat.} 36. Rxd8 Bxd8 37. Rxd8 cxb3 {[%mdl 4096] Endgame KR-KR} 38. Rd3 b5 $1 {[%cal Rb5a4]} ({Stronger than} 38... Rxa4 39. Rxb3 Ra2+ 40. Kf3 $11) 39. Rxb3 $2 (39. a5) 39... bxa4 40. Rxb7 (40. Rb2 $142 Kd5 41. Kd3) 40... a3 {[%cal Ba4a3,Ba3a2][%mdl 32]} 41. Rb1 a2 42. Ra1 Kd5 43. Kd3 Ra3+ 44. Kd2 Ke4 45. Ke2 Ra8 46. Rd1 {[%csl Ge2][%cal Rf2f3] [#]} f4 47. f3+ Kf5 48. g4+ Kg5 49. Ra1 fxe3 50. Kxe3 Ra4 (50... Ra7 $142 51. Ke4 Ra5) 51. Kd3 Kf4 52. Kc3 Kxf3 53. g5 e4 {[%cal Be5e4,Be4e3,Be3e2][%mdl 32]} 54. g6 e3 {Black mates.} 55. g7 Rg4 56. Rxa2 Rxg7 57. Ra8 Rc7+ 58. Kd3 Rd7+ 59. Kc2 e2 60. Rf8+ Kg2 61. Re8 Kf1 62. Rf8+ Ke1 63. Kc1 Rc7+ 64. Kb2 Rc5 65. Rf7 Kd2 66. Rd7+ Ke3 67. Re7+ Kd3 68. Re8 Rc4 {Precision: White = 48%, Black = 77%.} 0-1

[Event "EYCC Girls U16 2018"]
[Site "Riga"]
[Date "2018.08.29"]
[Round "9"]
[White "Swiech, Joanna"]
[Black "Malicka, Maria"]
[Result "1/2-1/2"]
[WhiteElo "1946"]
[BlackElo "2047"]
[Annotator "NA"]
[PlyCount "140"]
[EventDate "2018.08.20"]
[EventType "swiss"]
[EventCountry "LAT"]
[SourceTitle "playchess.com"]
[Source "ChessBase"]
[SourceQuality "1"]
[TimeControl "40/5400+30:1800+30"]

1. c4 {[%emt 0:00:00]} e5 {[%emt 0:00:00]} 2. Nc3 {[%emt 0:00:00]} Nf6 {[%emt 0:00:00]} 3. g3 {[%emt 0:00:09]} Nc6 {[%emt 0:00:05]} 4. Bg2 {[%emt 0:00:09]} Bc5 {[%emt 0:00:09]} 5. e3 {[%emt 0:01:21]} d5 {[%emt 0:00:09] A25: English Opening vs King's Indian with ...Nc6 but without early d3} (5... a6 6. Nge2 Ba7 7. b3 d6 8. Bb2 O-O 9. O-O Bf5 10. Nd5 Nxd5 11. cxd5 Nb4 12. d4 exd4 13. Bxd4 c5 {1-0 (32) Romanov,E (2617)-Ter Sahakyan,S (2563) chess.com INT 2018}) 6. d3 {[%emt 0:10:15]} dxc4 $146 {[%emt 0:08:06]} ({Predecessor:} 6... Be6 7. b3 d4 8. Nce2 Ng4 9. e4 Qf6 10. Nf3 h5 11. Bg5 Qg6 {0-1 (55) Viol,J-Schoeneberger,T (1393) Wiesbaden 2012}) 7. dxc4 {[%emt 0:03:11]} Qxd1+ {[%emt 0:00:37]} 8. Kxd1 {[%emt 0:00:30]} Be6 {[%emt 0:16:03]} 9. Bxc6+ {[%emt 0:09:22]} bxc6 {[%emt 0:00:08]} 10. b3 {[%emt 0:00:17]} O-O-O+ {[%emt 0:05:05]} 11. Ke2 {[%emt 0:03:28]} e4 {[%emt 0:08:55]} ({Better is} 11... Bf5 $17 12. Bb2 Rhe8) 12. f3 {[%emt 0:02:34]} (12. h3 $1 $15) 12... exf3+ {[%emt 0:07:40]} 13. Nxf3 {[%emt 0:00:11]} Bg4 {[%emt 0:00:53]} 14. h3 {[%emt 0:06:14]} Bb4 {[%emt 0:13:24]} 15. Bb2 {[%emt 0:03:48]} Bxf3+ {[%emt 0:00:33]} 16. Kxf3 {[%emt 0:00:08]} Rd2 {[%emt 0:04:43]} 17. Na4 {[%emt 0:05:19]} Re8 {[%emt 0:04:05]} 18. Bxf6 {[%emt 0:05:22]} gxf6 {[%emt 0:00:07]} 19. a3 {[%emt 0:01:05]} Bf8 {[%emt 0:05:18]} 20. Rhd1 {[%emt 0:05:41]} Red8 {[%emt 0:05:15]} 21. Nc3 {[%emt 0:05:43]} R2d3 {[%emt 0:00:56]} 22. Rxd3 {[%emt 0:00:42]} Rxd3 {[%emt 0:00:02]} 23. Ne4 {[%emt 0:02:49]} f5 {[%emt 0:00:27]} 24. Ng5 {[%emt 0:01:57]} Rxb3 {[%emt 0:01:47]} 25. Nxh7 {[%emt 0:01:20]} Bh6 {[%emt 0:05:00]} 26. Kg2 {[%emt 0:00:57]} Rxe3 {[%emt 0:00:52]} 27. Rf1 {[%emt 0:00:12]} f4 {[%emt 0:03:59]} 28. gxf4 {[%emt 0:01:43]} Rxa3 {[%emt 0:00:17]} 29. Ng5 {[%emt 0:00:16]} f6 {[%emt 0:04:35]} 30. Ne4 {[%emt 0:00:38]} f5 {[%emt 0:01:09]} 31. Ng3 {[%emt 0:00:28]} Ra2+ {[%emt 0:01:20]} 32. Kf3 {[%emt 0:00:21]} Ra3+ {[%emt 0:00:01]} 33. Kg2 {[%emt 0:00:13]} Ra2+ {[%emt 0:00:02]} 34. Kf3 {[%emt 0:00:05]} Ra3+ {[%emt 0:00:02]} 35. Kg2 {[%emt 0:00:03]} Ra5 {[%emt 0:00:35]} 36. Kf3 {[%emt 0:00:21]} Kd7 {[%emt 0:02:29]} 37. Rd1+ {[%emt 0:01:19]} Ke6 {[%emt 0:00:23]} 38. Nf1 {[%emt 0:01:31]} Ra3+ {[%emt 0:01:38]} 39. Ne3 {[%emt 0:00:07]} a5 {[%emt 0:00:19]} 40. Rd8 {[%emt 0:00:00]} Bg7 {[%emt 0:00:00]} 41. Ke2 {[%emt 0:00:52]} a4 {[%emt 0:10:37]} 42. Rc8 {[%emt 0:00:46]} Kd7 {[%emt 0:07:15]} 43. Rg8 {[%emt 0:01:04]} Bb2 {[%emt 0:00:31]} 44. Ra8 {[%emt 0:00:45]} Bc1 {[%emt 0:01:29]} 45. Nxf5 {[%emt 0:00:28]} Bxf4 {[%emt 0:00:12]} 46. h4 {[%emt 0:00:28]} c5 {[%emt 0:05:10]} 47. Ra5 {[%emt 0:05:51]} Ke6 {[%emt 0:04:51]} 48. Rxc5 {[%emt 0:01:55]} Be5 {[%emt 0:00:19]} 49. Nh6 {[%emt 0:01:04]} Rg3 {[%emt 0:03:44]} 50. Nf7 {[%emt 0:02:31]} Bf4 {[%emt 0:02:01]} 51. Ng5+ {[%emt 0:00:44]} Kd7 {[%emt 0:01:16]} 52. Ra5 {[%emt 0:03:18]} a3 {[%emt 0:00:08]} 53. Kd1 {[%emt 0:01:29]} Bd6 {[%emt 0:01:07]} 54. Ne4 {[%emt 0:01:55]} Rg1+ {[%emt 0:00:02]} 55. Kc2 {[%emt 0:00:08]} Bb4 {[%emt 0:00:25]} 56. Ra4 {[%emt 0:00:19]} c5 {[%emt 0:01:03]} 57. Nf6+ {[%emt 0:01:36]} Ke6 {[%emt 0:00:17]} 58. Nd5 {[%emt 0:00:44]} Rh1 {[%emt 0:00:44]} 59. h5 {[%emt 0:00:54]} Ke5 {[%emt 0:00:36]} 60. Kb3 {[%emt 0:02:05]} Rh3+ {[%emt 0:00:21]} 61. Ka2 {[%emt 0:00:08]} Rh2+ {[%emt 0:00:03]} 62. Ka1 {[%emt 0:00:43]} Rh1+ {[%emt 0:00:13]} 63. Ka2 {[%emt 0:00:05]} Rh2+ {[%emt 0:00:01]} 64. Ka1 {[%emt 0:00:05]} Rh1+ {[%emt 0:01:44]} 65. Ka2 {[%emt 0:00:04]} Rh2+ {[%emt 0:00:02]} 66. Ka1 {[%emt 0:00:06]} Rb2 {[%emt 0:00:54]} 67. h6 {[%emt 0:00:25]} Kd4 {[%emt 0:00:36]} 68. h7 {[%emt 0:01:01]} Rh2 {[%emt 0:00:03]} 69. Nxb4 $11 {[%emt 0:01:27]} cxb4 {[%emt 0:00:54]} 70. Rxb4 {[%emt 0:00:10]} Ke5 1/2-1/2